Antología de poesía cuencana de cambio de siglo (XX-XXI) /

Bibliographic Details
Other Authors: Vásconez, Carlos, 1977- (Editor)
Format: Electronic eBook
Language:Spanish
Published: Cuenca, Ecuador : Universidad del Azuay, Casa Editora, [2022]
Series:Antologías de poesía y fotografía cuencana.
Subjects:
Online Access:Digitalia Hispánica

MARC

LEADER 00000nam a2200000Ii 4500
001 DIGUAZUAY0202
003 NyNyDIG
006 m o d
007 cr |||||||||||
008 250103s2022 ec o 000 p spa d
035 |a (OCoLC)1491106939 
040 |a DGITA  |b eng  |e rda  |e pn  |c DGITA 
020 |a 9789942847577  |q eBook 
020 |z 9789942847560 
050 1 4 |a PQ8218.C8 ebook  
245 0 0 |a Antología de poesía cuencana de cambio de siglo (XX-XXI) /  |c estudio y selección de Carlos Váscones G. 
264 1 |a Cuenca, Ecuador :  |b Universidad del Azuay, Casa Editora,  |c [2022] 
300 |a 1 online resource. 
336 |a text  |b txt  |2 rdacontent 
337 |a computer  |b c  |2 rdamedia 
338 |a online resource  |b cr  |2 rdacarrier 
347 |a text file  |2 rdaft 
347 |b PDF 
490 1 |a Antologías de poesía y fotografía cuencana 
588 0 |a Online resource; title from PDF title page (Digitalia, viewed January 3, 2025) 
655 7 |a Poetry.  |2 lcgft 
700 1 |a Vásconez, Carlos,  |d 1977-  |e editor. 
791 2 |a Digitalia (Firm),  |e distributor. 
793 0 |g Digitalia eBook Collection:  |a Universidad del Azuay 
776 0 8 |i Print version:  |a Vásconez, Carlos, 1977-  |t Antología de poesía cuencana de cambio de siglo (XX-XXI).  |d Cuenca, Ecuador : Universidad del Azuay, Casa Editora, [2022]  |z 9789942847560 
830 0 |a Antologías de poesía y fotografía cuencana. 
856 4 0 |3 Digitalia Hispánica  |u https://www.digitaliapublishing.com/a/133587/ 
910 |a Premium collection: 2025